• 首页
  • 本馆介绍
  • 公告通知
  • 最新文献
  • 馆藏检索
  • 电子资源
  • 读者导购
  • 参考咨询
  • 我的图书馆
  • 登录
  • 详细信息显示
  • 放入我的书架
  • 预约/预借图书
  • 作者相关作品
  • 分类相关作品
  • 丛书相关作品
  • 出版社相关作品

书目信息

  • 表格格式
  • 工作单格式
  • 卡片格式
题名:
结晶学及矿物学
    
 
作者: 赵珊茸 主编
分册:  
出版信息: 北京   高等教育出版社  2017.5
页数: 479页
开本: 26cm
丛书名:
单 册:
中图分类: O7
科图分类:
主题词: 晶体学--高等教育--教材 , 矿物学--高等教育--教材
电子资源:
ISBN: 978-7-04-047690-3
000 00910nam0 2200265 450
001 0400004196
005 20171026143952.17
010    @a978-7-04-047690-3@dCNY59.00
100    @a20171018d2017 em y0chiy50 ea
101 0  @achi
102    @aCN@b110000
105    @aa z 000yy
106    @ar
200 1  @a结晶学及矿物学@9jie jing xue ji kuang wu xue@f赵珊茸主编@g赵珊茸[等]编著
205    @a第3版
210    @a北京@c高等教育出版社@d2017.5
215    @a479页@c图@d26cm
300    @a“十二五”普通高等教育本科国家级规划教材 iCourse教材
330    @a本书含结晶学和矿物学两部分内容。介绍了晶体宏观对称、群论基础、晶体结构微观对称理论,以及晶体生长、晶体规则连生及晶体化学的基础知识。
606 0  @a晶体学@x高等教育@j教材
606 0  @a矿物学@x高等教育@j教材
690    @aO7@v5
701  0 @a赵珊茸@9zhao shan rong@c(女)@4主编@4编著
801  0 @aCN@b91MARC@c20171023
905    @b1037250-4@dO7@f5@e17=3
    
    结晶学及矿物学/赵珊茸主编/赵珊茸[等]编著.-第3版.-北京:高等教育出版社,2017.5
    479页:图;26cm
    “十二五”普通高等教育本科国家级规划教材 iCourse教材
    
    ISBN 978-7-04-047690-3:CNY59.00
    本书含结晶学和矿物学两部分内容。介绍了晶体宏观对称、群论基础、晶体结构微观对称理论,以及晶体生长、晶体规则连生及晶体化学的基础知识。
●
相关链接 在E读中查询图书 在五车中查询图书 在当当中查询图书 在豆瓣中查询图书


正题名:结晶学及矿物学     索取号:O7/17=3         预约/预借

序号 登录号 条形码 馆藏地/架位号 状态 备注
1 1037250   210372504   第二样本阅览室/ [索取号:O7/17=3] 在馆    
2 1037251   210372513   密集书库-化学系/ [索取号:O7/17=3] 在馆    
3 1037252   210372522   第三借阅区/ [索取号:O7/17=3] 在馆    
4 1037253   210372531   第三借阅区/ [索取号:O7/17=3] 在馆    
5 1037254   210372540   第三借阅区/ [索取号:O7/17=3] 在馆    
唐山师范学院图书馆 欢迎您!
大连网信软件有限公司© 版权所有